The poetics of empire (Record no. 40519)
[ view plain ]
| 000 -LEADER | |
|---|---|
| fixed length control field | 01837nam a2200457Ia 4500 |
| 082 04 - DEWEY DECIMAL CLASSIFICATION NUMBER | |
| Classification number | 811 |
| 100 1# - MAIN ENTRY--AUTHOR NAME | |
| Personal name | Gilmore, John, |
| 245 14 - TITLE STATEMENT | |
| Title | The poetics of empire |
| 260 ## - PUBLICATION, DISTRIBUTION, ETC. (IMPRINT) | |
| Place of publication | London ; |
| -- | New Brunswick, NJ : |
| Name of publisher | Athlone Press ; |
| Place of publication | Somerset, N.J. : |
| Name of publisher | Distributed in the U.S. by Transaction Publishers, |
| Year of publication | 2000. |
| 300 ## - PHYSICAL DESCRIPTION | |
| Number of Pages | x, 342 p. |
| 650 #0 - SUBJECT ADDED ENTRY--TOPICAL TERM | |
| Topical Term | Didactic poetry, English |
| Topical Term | Plantation life in literature. |
| Topical Term | Sugarcane industry |
| Topical Term | Imperialism in literature. |
| Topical Term | Agriculture in literature. |
| Topical Term | Plantation life |
| Topical Term | Imperialism |
| Topical Term | Sugarcane |
| 700 1# - ADDED ENTRY--PERSONAL NAME | |
| Personal name | Grainger, James, |
| 856 40 - ELECTRONIC LOCATION AND ACCESS | |
| Uniform Resource Identifier | http://site.ebrary.com/lib/rucke/Doc?id=10224713 |
No items available.
